Datum a čas kvízu
26
Celkem bodů
Celkový počet nahraných bodů na tomto kvízu bez doplňovacích otázek.
6.
Pořadí na kvízu
Konečné umístění týmu na tomto kvízu.
Zaznamenané odpovědi
| # | Otázka | Odpověď | Body | Výsledky |
|---|---|---|---|---|
| 1. | Aktuální popularity čínské zub... | Jana Maláčová | 1 | |
| 2. | Kontroverzní projekt výstavby... | C) penis | 0 | |
| 3. | Zářijové vydání magazínu Playb... | Dominika Myslivcová | 0 | |
| 4. | Ve čtvrtek sjel z výrobní link... | Švédsko | 0 | |
| 5. | Ve středu byl ve čtyřech evrop... | v basketbalu | 1 | |
| 6. | Jak se nazývá věda, která se z... | adiktologie | 1 | |
| 7. | Na čem je závislý člověk, kter... | na internetu a digitálních technologiích | 1 | |
| 8. | Na fotografii vidíte asi nejzn... | Katka, Helena Třeštíková | 0.5 | |
| 9. | Při léčbě některých závislostí... | C | 1 | |
| 10. | Jak se jmenuje zobrazený český... | Karel Nešpor | 1 |